[Event "FRA-ch U12 Girls"]
[Site "Hyeres"]
[Date "2002.??.??"]
[Round "3.4"]
[White "Huet, Marie Clemence"]
[Black "Forestier, Carole"]
[Result "0-1"]
[WhiteElo "1400"]
[BlackElo "1620"]
[PlyCount "74"]
[EventDate "2002.04.05"]
[EventType "swiss"]
[EventRounds "9"]
[EventCountry "FRA"]
[SourceTitle "EXT 2003"]
[Source "ChessBase"]
[SourceDate "2002.11.25"]
[SourceVersion "1"]
[SourceVersionDate "2002.11.25"]
[SourceQuality "1"]

1. e4 e6 2. Nc3 d5 3. d4 Nf6 4. f3 c5 5. Bg5 cxd4 6. Qxd4 Nc6 7. Qe3 d4 8. Qd3 dxc3 9. bxc3 Qxd3 10. cxd3 Be7 11. d4 Bd7 12. Be3 0-0 13. Bc4 Rac8 14. Bd3 Rfd8 15. Ne2 Na5 16. 0-0 Nc4 17. Bxc4 Rxc4 18. Rab1 Bc6 19. Rfd1 a6 20. Bf4 Bb5 21. Be5 Rcc8 22. Bxf6 Bxf6 23. Nf4 Rxc3 24. e5 Bg5 25. Nh3 Be3+ 26. Kh1 Rxd4 27. Rxd4 Bxd4 28. Rd1 Bb6 29. a4 Bxa4 30. Re1 Bc6 31. Rb1 Ba7 32. Rd1 Kf8 33. Nf4 Rxf3 34. Ne2 Rf2 35. Rd2 Bxg2+ 36. Kg1 Rxe2+ 37. Rd4 Bxd4# 0-1